Statistics for Fairy Tail Guilds

Click here to take the quiz!

General Stats

  • This quiz has been taken 142 times
  • The average score is 6 of 10

Answer Stats

HintAnswer% Correct
8 guild mastersfairy tail
97%
light dragon slayersabertooth
87%
bald man can walk through countersblue pegasus
82%
3 layered bun womanlamia scale
81%
last name dreyarraven tail
78%
guy who got beaten by makarovphantom lord
58%
spiked collarquatro cerberus
49%
guy with featherscait shelter
29%
ugly man who wears a wigtwilight ogre
21%
guy with a tattoored lizard
3%

Score Distribution

Percentile by Number Answered

Percent of People with Each Score

Your Score History

You have not taken this quiz